Normal view
MARC view
Entry Topical Term
001 - CONTROL NUMBER
- control field: 33497
003 - CONTROL NUMBER IDENTIFIER
- control field: OSt
005 - DATE AND TIME OF LATEST TRANSACTION
- control field: 20220928165937.0
008 - FIXED-LENGTH DATA ELEMENTS
- fixed length control field: 220928|| aca||aabn | a|a d
040 ## - CATALOGING SOURCE
- Original cataloging agency: OSt
- Transcribing agency: OSt
150 ## - HEADING--TOPICAL TERM
- Topical term or geographic name entry element: Education, Gender and sexuality, Stratification, Pay and lesbian studies.
670 ## - SOURCE DATA FOUND
- Source citation: Work cat.: (OSt): Mittleman, Joel 33496, Intersecting the academic gender gap: The education of lesbian, gay, and bisexual America
